01202nam a2200373 a 450000100060000000300020000600500170000800600190002500700150004400800410005902200170010003500230011703500240014003500250016403500210018904000260021005000240023608000190026008200170027911000170029624500590031326000360037230000090040853301640041765000260058165000290060765000230063665000330065965500270069271000190071985600620073894200110080099900170081174584020241217151134.0m o d | cr cn|||||||||130619s2004 ag s 000 0 spa d z5971-6680863 a(MiAaPQ)EBC3157700 a(Au-PeEL)EBL3157700 a(CaPaEBR)ebr10051833 a(OCoLC)928815883 aFlNmELBbspacFlNmELB 4aHB3717bC691 2004eb a338.124 "1929"04a338.5/422221 aColegio24hs.13aLa crisis de 1929h[recurso electronico]cColegio24hs. a[S.l.] :bColegio24hs,c[2004?] a8 p. aRecurso electrónico. Santa Fe, Arg.: e-libro, 2015. Disponible vía World Wide Web. El acceso puede estar limitado para las bibliotecas afiliadas a e-libro. 4aHistoria económica. 4aDepresión económica. 0aDepressionsy1929. 0aEconomic historyy1918-1945. 4aLibros electrónicos.2 ae-libro, Corp.40uhttps://elibro.net/ereader/politecnicointernacional/27134 cLIBROS c74584d74584